Представление документа в формате MARC21

Поле Инд. ПП Название Значение
Тип записи a
Библиографический уровень m
001 Контрольный номер RU/LIBMSTU/450888928
005 Дата корректировки 20160419110829.9
008 Кодируемые данные 140415|||||||||ru |||||||||||000|||rus||
020 a ISBN 5-235-02590-3
040 b Код языка каталог. rus
041 0_ a Код языка текста rus
084 a Индекс другой классификации/Индекс ББК 63.3(2)52
090 a Полочн. индекс 63.3(2)5
x Авторский знак В 93
100 1_ a Автор Выскочков Л. В.
245 10 a Заглавие Николай I
260 a Место издания Москва
b Издательство Молодая гвардия
c Дата издания 2003
300 a Объем 693, [1] с.
b Иллюстрации/ тип воспроизводства [16] л. ил.
440 _0 a Серия Жизнь замечательных людей : ЖЗЛ : сер. биогр. : осн. в 1890 г. Ф. Павленковым и продолж. в 1933 г. М. Горьким
v N тома 1061 (861)
504 a Библиография Библиогр. в примеч.: с. 616-676
600 14 a Персоналии Николай I, Российский император (1825 -1855)
650 04 a Основная рубрика Россия-История, 19 в.-Персоналии
653 0_ a Ключевые слова История России 19 в.; Правление Николая I; Царствование Николая I
901 t Тип документа m